[Event "Open de la Loire 2014-2015"]
[Site "Aurec"]
[Date "2014.11.08"]
[Round "2.11"]
[White "Bournez, Gerard"]
[Black "Liogier, Pascal"]
[Result "0-1"]
[WhiteElo "1360"]
[BlackElo "1630"]
[PlyCount "126"]
[EventDate "2014.??.??"]

1. e4 e5 2. Nc3 Nc6 3. Nf3 Bc5 4. d3 Nf6 5. h3 a6 6. Be2 d6 7. Bg5 h6 8. Bh4
Nd4 9. Nd5 g5 10. Nxf6+ Qxf6 11. Bg3 Be6 12. Nxd4 Bxd4 13. c3 Bb6 14. Bg4 Qg6
15. Bxe6 fxe6 16. Qe2 O-O-O 17. O-O-O Rhf8 18. f3 Qe8 19. Bf2 Qa4 20. Bxb6 cxb6
21. Kb1 Kb8 22. Qc2 Qc6 23. d4 exd4 24. Rxd4 e5 25. Rd5 Rf6 26. Rhd1 h5 27. a3
Qc8 28. R1d2 g4 29. Qd1 gxf3 30. gxf3 Qxh3 31. Rxd6 Rdxd6 32. Rxd6 Qxf3 33.
Rd8+ Ka7 34. Qc2 h4 35. Qd3 h3 36. Qxf3 Rxf3 37. Rh8 Re3 38. Rh4 b5 39. Kc2 Rg3
40. Kb3 Kb6 41. Rh5 Re3 42. Rh4 a5 43. Ka2 Kc5 44. Kb3 a4+ 45. Kc2 Kc4 46. Kd2
Rg3 47. Kc2 Rg2+ 48. Kd1 h2 49. Ke1 Rg1+ 50. Kf2 h1=Q 51. Rxh1 Rxh1 52. Ke2 Rh3
53. Kd2 Kb3 54. Ke1 Rh2 55. Kd1 Kxb2 56. Ke1 Kxc3 57. Kd1 Kd3 58. Kc1 Rd2 59.
Kb1 Kc3 60. Kc1 b6 61. Kb1 Rc2 62. Ka1 Kb3 63. Kb1 Rc5 0-1

[Event "Open de la Loire 2014-2015"]
[Site "Aurec"]
[Date "2014.11.08"]
[Round "2.12"]
[White "Brachet, Gerard"]
[Black "Boeuf, Jeremy"]
[Result "0-1"]
[WhiteElo "1320"]
[BlackElo "1598"]
[PlyCount "76"]
[EventDate "2014.??.??"]

1. e4 d5 2. exd5 Nf6 3. Nc3 Nxd5 4. Nxd5 Qxd5 5. f3 Bf5 6. Bb5+ Qxb5 7. d3 e6
8. Ne2 Bc5 9. Nc3 Qb6 10. Rf1 Nd7 11. b3 Be3 12. Bxe3 Qxe3+ 13. Qe2 Qxe2+ 14.
Nxe2 O-O-O 15. O-O-O Nb6 16. g4 Bg6 17. h4 h5 18. Nf4 hxg4 19. Nxg6 fxg6 20.
fxg4 Rxh4 21. Rf7 Rxg4 22. Rxg7 e5 23. Rf1 c6 24. Rff7 Nd7 25. Kb2 g5 26. a4
Rg2 27. Kc3 a5 28. Rf5 g4 29. Rfg5 b6 30. Rxg4 Rxg4 31. Rxg4 Re8 32. Kb2 Nc5
33. Rc4 Kc7 34. b4 e4 35. bxc5 e3 36. cxb6+ Kxb6 37. Re4 Rxe4 38. dxe4 e2 0-1

[Event "Open de la Loire 2014-2015"]
[Site "Aurec"]
[Date "2014.11.08"]
[Round "2.13"]
[White "Legendre, Julien"]
[Black "Mialon, Franck"]
[Result "0-1"]
[WhiteElo "1580"]
[BlackElo "1350"]
[PlyCount "102"]
[EventDate "2014.??.??"]

1. d4 d5 2. c3 c6 3. Bf4 e6 4. e3 f5 5. Nd2 Nf6 6. Bg5 Be7 7. Bxf6 Bxf6 8. f4
O-O 9. Ngf3 Be7 10. Bd3 Nd7 11. Ne5 Nf6 12. Nf1 Ne4 13. Qf3 Bd6 14. h4 Be7 15.
g3 a5 16. h5 h6 17. Ng6 Rf6 18. Nxe7+ Qxe7 19. Nh2 b5 20. a3 Bb7 21. Ke2 c5 22.
Bxb5 cxd4 23. exd4 Rb8 24. Rab1 Nd6 25. Bd3 a4 26. g4 e5 27. fxe5 fxg4 28. Qxg4
Ne4 29. Bxe4 Ba6+ 30. Ke3 Rfb6 31. Bxd5+ Kh8 32. Rhg1 Bb7 33. Bxb7 R6xb7 34.
Rg2 Rc7 35. Nf3 Qe8 36. Qg6 Qf8 37. Rbg1 Rf7 38. Rg3 Rxb2 39. e6 Re7 40. d5 Rb3
41. Kd3 Qa8 42. Kd4 Qa7+ 43. Ke4 Rxc3 44. Qxg7+ Rxg7 45. Rxg7 Qe3+ 46. Kf5
Qxf3+ 47. Ke5 Qe3+ 48. Kd6 Qf4+ 49. Ke7 Rc7+ 50. Ke8 Rxg7 51. Rxg7 Kxg7 0-1

[Event "Open de la Loire 2014-2015"]
[Site "Aurec"]
[Date "2014.11.08"]
[Round "2.14"]
[White "Fournier, Gerald"]
[Black "Hong, Shawn"]
[Result "1-0"]
[WhiteElo "1500"]
[BlackElo "1300"]
[PlyCount "123"]
[EventDate "2014.??.??"]

1. f4 c5 2. b3 Nc6 3. Bb2 d6 4. Nf3 Nf6 5. Nc3 Bd7 6. e4 e5 7. f5 Be7 8. Bc4 h6
9. Nd5 Nd4 10. c3 Nc6 11. d3 a6 12. O-O b5 13. Nxf6+ Bxf6 14. Bd5 Qb6 15. Rb1
c4+ 16. d4 cxb3 17. axb3 O-O-O 18. Kh1 b4 19. Bxc6 Bxc6 20. d5 Bb7 21. cxb4
Qxb4 22. Rc1+ Kb8 23. Rc4 Qb5 24. Ba3 g5 25. Rf2 g4 26. Ng1 Be7 27. Rb4 Qa5 28.
Ra4 Qb6 29. Ra2 Rc8 30. Ne2 Rc7 31. Rb4 Qe3 32. Bc1 Qa7 33. Qd3 Ka8 34. Be3 Rc5
35. Bxc5 dxc5 36. Rba4 Kb8 37. Nc3 Qb6 38. Ra1 Qxb3 39. d6 Bxd6 40. Qxd6+ Kc8
41. Nd5 Bxd5 42. Qxc5+ Kd7 43. Qxd5+ Qxd5 44. exd5 Ke7 45. Rxa6 Rc8 46. f6+ Ke8
47. Ra8 Rxa8 48. Rxa8+ Kd7 49. Ra7+ Kd6 50. Rxf7 Kxd5 51. Rh7 e4 52. f7 e3 53.
f8=Q e2 54. Rd7+ Kc6 55. Qe7 e1=Q+ 56. Qxe1 Kxd7 57. Qd2+ Ke6 58. Qxh6+ Kd5 59.
Qg5+ Kd6 60. Qxg4 Ke5 61. h4 Kd5 62. h5 1-0

[Event "Open de la Loire 2014-2015"]
[Site "Aurec"]
[Date "2014.11.08"]
[Round "2.15"]
[White "Lempereur, Theo"]
[Black "Ben Habchi, Nordine"]
[Result "1-0"]
[WhiteElo "1270"]
[BlackElo "1460"]
[PlyCount "53"]
[EventDate "2014.??.??"]

1. e4 b6 2. d4 Bb7 3. Nc3 e6 4. Nf3 Bb4 5. Bd3 Nf6 6. Bg5 d6 7. e5 Bxc3+ 8.
bxc3 dxe5 9. dxe5 h6 10. exf6 hxg5 11. Bb5+ c6 12. Qxd8+ Kxd8 13. Nxg5 Ke8 14.
Ne4 gxf6 15. Nd6+ Ke7 16. Nxb7 cxb5 17. O-O-O Rh5 18. Rd8 Rd5 19. Rd1 Rxd1+ 20.
Kxd1 a5 21. h4 f5 22. h5 b4 23. h6 Ra7 24. Rxb8 b5 25. h7 Ra6 26. h8=Q bxc3 27.
Qe8+ 1-0

[Event "Open de la Loire 2014-2015"]
[Site "Aurec"]
[Date "2014.11.08"]
[Round "2.16"]
[White "Volay, Pascal"]
[Black "Poyet, Louis"]
[Result "1-0"]
[WhiteElo "1460"]
[BlackElo "1140"]
[PlyCount "45"]
[EventDate "2014.??.??"]

1. e4 e5 2. Nf3 Nc6 3. Bb5 Nf6 4. O-O a6 5. Bxc6 dxc6 6. d3 Bd6 7. Bg5 h6 8.
Bh4 Bg4 9. h3 Be6 10. Bg3 Qd7 11. Nxe5 Bxe5 12. Bxe5 O-O-O 13. Qf3 Rhg8 14. Kh2
Qe7 15. Nc3 Kb8 16. a3 Bxh3 17. Bxf6 gxf6 18. Qxh3 Qe5+ 19. f4 Qd6 20. Rae1
Rde8 21. Re3 Re7 22. Rg3 Rxg3 23. Qxg3 1-0

[Event "Open de la Loire 2014-2015"]
[Site "Aurec"]
[Date "2014.11.08"]
[Round "2.17"]
[White "Raffin, Philippe"]
[Black "Poncet, Baptiste"]
[Result "0-1"]
[WhiteElo "1399"]
[BlackElo "1099"]
[PlyCount "32"]
[EventDate "2014.??.??"]

1. e4 e5 2. Nf3 Nc6 3. Nc3 Nf6 4. Bd3 Bc5 5. O-O O-O 6. Re1 d6 7. b3 Bg4 8. Bb5
a6 9. d4 Ba7 10. dxe5 Nxe5 11. h3 Nxf3+ 12. gxf3 Bxh3 13. Bc4 Nh5 14. f4 Qh4
15. Ne2 Qxf2+ 16. Kh1 Qg2# 0-1

[Event "Open de la Loire 2014-2015"]
[Site "Aurec"]
[Date "2014.11.08"]
[Round "2.18"]
[White "Dugelay, Alain"]
[Black "Rogues, Jean-Luc"]
[Result "0-1"]
[WhiteElo "1090"]
[BlackElo "1380"]
[PlyCount "86"]
[EventDate "2014.??.??"]

1. e4 e6 2. Nf3 d5 3. e5 c5 4. Bd3 Nc6 5. O-O c4 6. Be2 Bc5 7. d3 b5 8. Nc3 a6
9. b3 b4 10. Na4 Qa5 11. Nxc5 Qxc5 12. d4 Qb5 13. a3 bxa3 14. Bxa3 Nh6 15. h3
Nf5 16. Qd2 Qb6 17. Rab1 Qa5 18. Qxa5 Nxa5 19. b4 Nc6 20. c3 Rb8 21. Bd1 Bd7
22. Ba4 Na7 23. Bc2 Nb5 24. Bb2 O-O 25. Ra1 Ra8 26. Bxf5 exf5 27. Rfe1 Be6 28.
Ng5 h6 29. Nxe6 fxe6 30. f3 Rf7 31. Rf1 Rfa7 32. Ra5 Kf7 33. g4 f4 34. Bc1 g5
35. Re1 Nxc3 36. Rf1 Ne2+ 37. Kf2 Nxd4 38. Ra4 Nb5 39. Bd2 c3 40. Bc1 d4 41.
Rd1 a5 42. Rxa5 Rxa5 43. bxa5 Rxa5 0-1

[Event "Open de la Loire 2014-2015"]
[Site "Aurec"]
[Date "2014.12.06"]
[Round "3.1"]
[White "Imperiali, Joris"]
[Black "Bragado, Kevin"]
[Result "0-1"]
[WhiteElo "1534"]
[BlackElo "1700"]
[PlyCount "69"]
[EventDate "2014.??.??"]

1. e4 c6 2. d4 d5 3. Nc3 dxe4 4. Nxe4 Nf6 5. Nxf6+ exf6 6. Bc4 Be7 7. Qh5 O-O
8. Bd3 g6 9. Qh4 Re8 10. Ne2 f5 11. Qg3 Nd7 12. h4 Nf6 13. h5 Bd6 14. Qg5 Ne4
15. Qxd8 Rxd8 16. hxg6 fxg6 17. Bc4+ Kg7 18. Bh6+ Kf6 19. Be3 h5 20. O-O-O b5
21. Bd3 Re8 22. f3 Ng3 23. Nxg3 Rxe3 24. Ne2 Bd7 25. Nc3 b4 26. Na4 Bf4 27. Kb1
Rae8 28. Nc5 Bc8 29. g4 fxg4 30. fxg4 Bxg4 31. Rdf1 Kg5 32. Na6 Bf3 33. Rhg1+
Kh6 34. Rxg6+ Kh7 35. Re6+ 0-1

[Event "Open de la Loire 2014-2015"]
[Site "Aurec"]
[Date "2014.12.06"]
[Round "3.2"]
[White "Schlick, Paul"]
[Black "Boeuf, Jean-Julien"]
[Result "1-0"]
[WhiteElo "1670"]
[BlackElo "1513"]
[PlyCount "39"]
[EventDate "2014.??.??"]

1. d4 Nf6 2. Nf3 e6 3. Bf4 Bb4+ 4. c3 Be7 5. e3 Nh5 6. Bg3 Nxg3 7. fxg3 b6 8.
Bd3 Ba6 9. c4 c5 10. O-O O-O 11. Ne5 Bb7 12. Nd2 cxd4 13. Nxf7 Rxf7 14. Rxf7
Kxf7 15. Qh5+ Kf8 16. Rf1+ Bf6 17. Qxh7 Nc6 18. Ne4 Qe7 19. Qh8+ Kf7 20. Ng5#
1-0

[Event "Open de la Loire 2014-2015"]
[Site "Aurec"]
[Date "2014.12.06"]
[Round "3.3"]
[White "Desassis, Jean-Francois"]
[Black "Briancon, Jean-Philippe"]
[Result "0-1"]
[WhiteElo "1570"]
[BlackElo "1404"]
[PlyCount "57"]
[EventDate "2014.??.??"]

1. c4 Nf6 2. Nc3 e6 3. d3 Bb4 4. Nf3 Nc6 5. Bd2 O-O 6. g3 b6 7. Bg2 Rb8 8. a3
Bxc3 9. Bxc3 Bb7 10. O-O d6 11. b4 e5 12. b5 Ne7 13. e4 c6 14. a4 Qc7 15. Re1
Nd7 16. d4 cxb5 17. dxe5 dxe5 18. axb5 Rfd8 19. Qb3 Nc5 20. Qb2 Nd3 21. Qb3
Nxe1 22. Bxe5 Nxf3+ 23. Bxf3 Qxe5 24. Rxa7 h6 25. Qe3 Nc8 26. Ra3 Qc5 27. Qf4
Qxa3 28. Qxb8 Qxf3 29. Qxb7 0-1

[Event "Open de la Loire 2014-2015"]
[Site "Aurec"]
[Date "2014.12.06"]
[Round "3.4"]
[White "Ould Taleb, Said"]
[Black "Fauvin, David"]
[Result "1-0"]
[WhiteElo "1399"]
[BlackElo "1560"]
[PlyCount "60"]
[EventDate "2014.??.??"]

1. e4 d5 2. exd5 Qxd5 3. Nc3 Qa5 4. d4 Nf6 5. Bc4 Bf5 6. Nf3 e6 7. O-O Bb4 8.
Bd2 c6 9. a3 Bxc3 10. Bxc3 Qc7 11. Re1 O-O 12. Nh4 Be4 13. Re3 Nbd7 14. Qe2 Bd5
15. Bd3 Qf4 16. Rh3 Ne4 17. Nf3 Ndf6 18. Rh4 Nxc3 19. bxc3 Bxf3 20. Rxf4 Bxe2
21. Bxe2 Nd5 22. Rf3 a6 23. a4 b5 24. c4 Nc3 25. Rxc3 b4 26. Rd3 Rfd8 27. Rad1
Ra7 28. Bf3 Rc7 29. a5 Rdd7 30. Rb3 c5 1-0

[Event "Open de la Loire 2014-2015"]
[Site "Aurec"]
[Date "2014.12.06"]
[Round "3.5"]
[White "Martin, Julien"]
[Black "Acikgoz, Tuncay"]
[Result "0-1"]
[WhiteElo "1420"]
[BlackElo "1655"]
[PlyCount "98"]
[EventDate "2014.??.??"]

1. e4 c6 2. Nf3 d5 3. d3 dxe4 4. Ng5 exd3 5. cxd3 Nf6 6. Qb3 e6 7. Nc3 Be7 8.
Be2 O-O 9. O-O h6 10. Nf3 Na6 11. Qc4 Nd5 12. Nxd5 Qxd5 13. Qg4 e5 14. Qg3 Kh7
15. Qxe5 Qxe5 16. Nxe5 Bf6 17. Ng4 Bd4 18. Ne3 Be6 19. Nc2 Bf6 20. Be3 Nc7 21.
Bd4 Be7 22. b3 Nd5 23. Ne3 Nf4 24. Bd1 c5 25. Be5 Ng6 26. Bc3 Rad8 27. Bc2 Kg8
28. Rad1 Nf4 29. Be5 Ne2+ 30. Kh1 f6 31. Bb2 Nd4 32. Bb1 f5 33. Nc2 Ne2 34.
Rfe1 Nf4 35. Na3 Bh4 36. Bc1 Bxf2 37. Rf1 Nh3 38. Rd2 Bd4 39. Re2 Bd5 40. Nc2
Nf2+ 41. Kg1 Ng4+ 42. Nxd4 cxd4 43. Bb2 Ne3 44. Rf4 g5 45. Rxd4 f4 46. Bc1 f3
47. gxf3 Nf5 48. Rf2 Nxd4 49. Bb2 Nxf3+ 0-1

[Event "Open de la Loire 2014-2015"]
[Site "Aurec"]
[Date "2014.12.06"]
[Round "3.6"]
[White "Liogier, Pascal"]
[Black "Trottet, Francois"]
[Result "1-0"]
[WhiteElo "1630"]
[BlackElo "1470"]
[PlyCount "43"]
[EventDate "2014.??.??"]

1. Nf3 d5 2. d4 Nf6 3. Bf4 e6 4. c3 Nbd7 5. Nbd2 c5 6. e3 Qb6 7. Qc2 Be7 8. Ne5
O-O 9. Ndf3 h6 10. Be2 Re8 11. h4 Nf8 12. g4 Ng6 13. Nxg6 fxg6 14. Ne5 Bd6 15.
g5 Bxe5 16. Bxe5 Nd7 17. Qxg6 Re7 18. O-O-O Nxe5 19. dxe5 hxg5 20. hxg5 Qd8 21.
Qh7+ Kf7 22. Bh5+ 1-0

[Event "Open de la Loire 2014-2015"]
[Site "Aurec"]
[Date "2014.12.06"]
[Round "3.7"]
[White "Boeuf, Jeremy"]
[Black "Volay, Pascal"]
[Result "1/2-1/2"]
[WhiteElo "1598"]
[BlackElo "1460"]
[PlyCount "72"]
[EventDate "2014.??.??"]

1. f4 d5 2. Nf3 Nf6 3. e3 e6 4. b3 Be7 5. Bb2 Nbd7 6. Be2 b6 7. O-O Bb7 8. Ne5
h6 9. Qe1 O-O 10. d3 Nxe5 11. fxe5 Nd7 12. Bh5 f6 13. exf6 Nxf6 14. Bf3 Rb8 15.
Nd2 c5 16. e4 dxe4 17. Nxe4 Nxe4 18. Bxe4 Rxf1+ 19. Kxf1 Qf8+ 20. Kg1 Bf6 21.
Bxf6 Qxf6 22. Bxb7 Rxb7 23. Rb1 Rf7 24. Qe2 Qd4+ 25. Kh1 e5 26. Qe4 Qxe4 27.
dxe4 Rf2 28. Rc1 Re2 29. Kg1 Rxe4 30. Kf2 Rf4+ 31. Ke3 Kf7 32. Rd1 Rd4 33. Rf1+
Ke6 34. Rf8 Rd7 35. Ke2 Rd4 36. Ke3 Rd7 1/2-1/2

[Event "Open de la Loire 2014-2015"]
[Site "Aurec"]
[Date "2014.12.06"]
[Round "3.8"]
[White "Schuhmann, Alain"]
[Black "Libiszewski, Christian"]
[Result "1-0"]
[WhiteElo "1520"]
[BlackElo "1400"]
[PlyCount "59"]
[EventDate "2014.??.??"]

1. e4 e6 2. f4 d5 3. exd5 exd5 4. Nf3 Nf6 5. d4 Bd6 6. Be2 O-O 7. O-O Nh5 8.
Ne5 Nf6 9. Nc3 c6 10. Be3 Nbd7 11. Rb1 Bc7 12. Na4 Nxe5 13. fxe5 Nd7 14. Bf4 b6
15. Qd2 h6 16. Bxh6 gxh6 17. Qxh6 Nxe5 18. dxe5 Bxe5 19. Bd3 f5 20. Qg6+ Kh8
21. Rf3 Bg7 22. Rh3+ Kg8 23. Qh7+ Kf7 24. Bxf5 Bxf5 25. Qxf5+ Kg8 26. Qh7+ Kf7
27. Rf3+ Ke6 28. Qxg7 Rg8 29. Re1+ Kd6 30. Rf6+ 1-0

[Event "Open de la Loire 2014-2015"]
[Site "Aurec"]
[Date "2014.12.06"]
[Round "3.9"]
[White "Barrandon, Georges"]
[Black "Petrosyan, Armen"]
[Result "1-0"]
[WhiteElo "1500"]
[BlackElo "1399"]
[PlyCount "71"]
[EventDate "2014.??.??"]

1. d4 Nf6 2. Nf3 e6 3. c4 d5 4. b3 c5 5. e3 Nc6 6. Be2 Be7 7. O-O O-O 8. Bb2 b6
9. Nc3 Bb7 10. a3 a6 11. Bd3 Bd6 12. Ne2 Qc7 13. dxc5 bxc5 14. Bxf6 gxf6 15.
Ng3 Ne5 16. Nxe5 Bxe5 17. Qg4+ Kh8 18. Qh5 f5 19. Rab1 f6 20. f4 Bd6 21. cxd5
Bxd5 22. Bc4 Bxc4 23. bxc4 Rab8 24. Qf3 Rg8 25. Nh5 Rbf8 26. Rb7 Qd8 27. Rfb1
Bc7 28. Qc6 Rf7 29. Qxe6 Rd7 30. Qxf6+ Rdg7 31. Qxd8 Bxd8 32. Nxg7 Rxg7 33.
Rxg7 Kxg7 34. a4 Ba5 35. Kf2 Kf6 36. Rb7 1-0

[Event "Open de la Loire 2014-2015"]
[Site "Aurec"]
[Date "2014.12.06"]
[Round "3.10"]
[White "Mialon, Franck"]
[Black "Guichard, Thomas"]
[Result "0-1"]
[WhiteElo "1350"]
[BlackElo "1490"]
[PlyCount "54"]
[EventDate "2014.??.??"]

1. e4 e6 2. Nf3 d5 3. e5 c5 4. d4 cxd4 5. c3 dxc3 6. Nxc3 Nc6 7. Bb5 Bd7 8. O-O
Nge7 9. Bg5 Qc7 10. Bxc6 Bxc6 11. Rc1 Qb8 12. b4 a6 13. a4 Ng6 14. Qe2 Bxb4 15.
Bh4 Nxh4 16. Nxh4 O-O 17. Qg4 Bxc3 18. Rxc3 Qxe5 19. Re3 Qc7 20. Rg3 f5 21. Qe2
Rae8 22. Rc1 Qb8 23. Qb2 e5 24. Rgc3 d4 25. Rb3 Qd8 26. Qa2 Bd5 27. Rcb1 Qxh4
0-1

[Event "Open de la Loire 2014-2015"]
[Site "Aurec"]
[Date "2014.12.06"]
[Round "3.11"]
[White "Choquelle, Jean"]
[Black "Allabrune, Guillaume"]
[Result "0-1"]
[WhiteElo "1190"]
[BlackElo "1487"]
[PlyCount "46"]
[EventDate "2014.??.??"]

1. c4 e5 2. Nc3 Nc6 3. g3 g6 4. Bg2 Bg7 5. Nf3 f5 6. d3 Nf6 7. O-O O-O 8. Be3
d6 9. Rb1 Nh5 10. Nd5 Be6 11. Bg5 Qd7 12. Be3 f4 13. gxf4 exf4 14. Nxf4 Nxf4
15. Ng5 Nh3+ 16. Kh1 Nxg5 17. Bxg5 Bh3 18. f3 Bd4 19. Qb3 Rae8 20. c5+ Kh8 21.
Qc2 dxc5 22. Qc1 Rxe2 23. Bh6 Bxg2# 0-1

[Event "Open de la Loire 2014-2015"]
[Site "Aurec"]
[Date "2014.12.06"]
[Round "3.12"]
[White "Legendre, Julien"]
[Black "Fournier, Gerald"]
[Result "0-1"]
[WhiteElo "1580"]
[BlackElo "1500"]
[PlyCount "86"]
[EventDate "2014.??.??"]

1. d4 d5 2. c3 e6 3. Bf4 Nf6 4. e3 c5 5. Nf3 a6 6. Bg5 Nbd7 7. Nbd2 b5 8. Be2
Be7 9. b3 Ne4 10. Bxe7 Qxe7 11. Qc2 Bb7 12. Bd3 Ndf6 13. Ne5 cxd4 14. Bxe4 Nxe4
15. Nxe4 dxe4 16. f4 d3 17. Qf2 O-O 18. h4 Rfd8 19. Kd2 Rac8 20. a3 a5 21. h5
Rc7 22. Qh4 Qxh4 23. Rxh4 Rdc8 24. Rc1 b4 25. axb4 axb4 26. Nc4 bxc3+ 27. Rxc3
Ra8 28. Rh1 Ra2+ 29. Kd1 Rxg2 30. Ke1 Bd5 31. Kd1 Bxc4 32. bxc4 Ra7 33. Rc1
Raa2 34. Rb1 f5 35. h6 g6 36. Ke1 Rge2+ 37. Kd1 Rxe3 38. Re1 Rxe1+ 39. Kxe1 Ra8
40. Rb7 e3 41. Rg7+ Kf8 42. Kf1 e2+ 43. Ke1 Ra1+ 0-1

[Event "Open de la Loire 2014-2015"]
[Site "Aurec"]
[Date "2014.12.06"]
[Round "3.14"]
[White "Dugelay, Alain"]
[Black "Bournez, Gerard"]
[Result "0-1"]
[WhiteElo "1090"]
[BlackElo "1360"]
[PlyCount "120"]
[EventDate "2014.??.??"]

1. e4 e5 2. Nf3 Nc6 3. Bc4 h6 4. O-O Nf6 5. d3 d6 6. Nc3 a6 7. Be3 Be7 8. h3 b5
9. Bd5 Bd7 10. a3 O-O 11. Nh4 Kh7 12. a4 Nxd5 13. Nxd5 Bxh4 14. axb5 Ne7 15.
bxa6 Nxd5 16. exd5 Bf6 17. c3 c5 18. Ra2 Bb5 19. a7 Qc7 20. c4 Bd7 21. Re1 Rxa7
22. Qa1 Rfa8 23. Ra3 Rxa3 24. bxa3 Qa5 25. Rb1 Qxa3 26. Qxa3 Rxa3 27. Rb7 Bf5
28. Rxf7 Rxd3 29. Ra7 e4 30. Ra6 Rd1+ 31. Kh2 Be7 32. Bf4 Rd4 33. Ra4 h5 34. g3
Kg6 35. Kg2 Rd3 36. Ra7 Kf6 37. Bg5+ Kxg5 38. Rxe7 Kf6 39. Re8 Rd4 40. Rf8+ Kg6
41. Rd8 Rxc4 42. Rxd6+ Kh7 43. Rc6 e3 44. fxe3 Rc2+ 45. Kf3 Rc4 46. d6 Rc1 47.
Rc7 Rd1 48. Kf4 Kg6 49. Rxc5 Rf1+ 50. Ke5 Bxh3 51. d7 Rf5+ 52. Ke6 Rf6+ 53. Ke7
Bxd7 54. Kxd7 Rf3 55. Rc6+ Kh7 56. e4 Rxg3 57. e5 h4 58. Rc4 g5 59. e6 h3 60.
e7 Re3 0-1

[Event "Open de la Loire 2014-2015"]
[Site "Aurec"]
[Date "2014.12.06"]
[Round "3.15"]
[White "Duffy, Claudine"]
[Black "Brachet, Gerard"]
[Result "0-1"]
[WhiteElo "1080"]
[BlackElo "1320"]
[PlyCount "28"]
[EventDate "2014.??.??"]

1. e4 e5 2. Nf3 Nc6 3. Bc4 Nf6 4. d3 Bc5 5. O-O d6 6. Nc3 Bg4 7. Bg5 Nd4 8.
Bb5+ c6 9. Ba4 h6 10. Bxf6 Qxf6 11. h3 Nxf3+ 12. gxf3 Bxh3 13. Re1 Qg5+ 14. Kh1
Qg2# 0-1

[Event "Open de la Loire 2014-2015"]
[Site "Aurec"]
[Date "2014.12.06"]
[Round "4.1"]
[White "Bragado, Kevin"]
[Black "Ould Taleb, Said"]
[Result "0-1"]
[WhiteElo "1700"]
[BlackElo "1399"]
[PlyCount "76"]
[EventDate "2014.??.??"]

1. d4 d5 2. c4 e6 3. Nc3 Nf6 4. Bg5 Nbd7 5. e3 c6 6. Nf3 Qa5 7. Bxf6 Nxf6 8.
Qc2 Bb4 9. Nd2 Ne4 10. Ndxe4 dxe4 11. a3 f5 12. Be2 O-O 13. O-O Bd6 14. c5 Be7
15. f3 exf3 16. Rxf3 Bf6 17. Bc4 Qc7 18. Rxf5 Kh8 19. Rh5 h6 20. Qg6 Bg5 21.
Rxg5 hxg5 22. Bd3 Rf5 23. Qe8+ Kh7 24. g4 g6 25. gxf5 exf5 26. Bc4 Qg7 27. Be6
Bxe6 28. Qxa8 f4 29. Qd8 fxe3 30. Qxg5 e2 31. Nxe2 Bd5 32. Qe5 Qd7 33. Nf4 Qg4+
34. Kf1 Qf3+ 35. Ke1 Qh1+ 36. Kf2 Qxa1 37. Nxd5 Qxb2+ 38. Kf3 cxd5 0-1

[Event "Open de la Loire 2014-2015"]
[Site "Aurec"]
[Date "2014.12.06"]
[Round "4.2"]
[White "Briancon, Jean-Philippe"]
[Black "Schlick, Paul"]
[Result "1-0"]
[WhiteElo "1404"]
[BlackElo "1670"]
[PlyCount "47"]
[EventDate "2014.??.??"]

1. e4 e5 2. Nf3 Nc6 3. Bc4 h6 4. O-O Nf6 5. Nc3 Bc5 6. d3 Na5 7. Nxe5 Nxc4 8.
Nxc4 O-O 9. Be3 Bxe3 10. Nxe3 d6 11. f4 Re8 12. Ncd5 Nxd5 13. Nxd5 Be6 14. Ne3
Qf6 15. f5 Bd7 16. Nd5 Qd8 17. f6 Re6 18. Qh5 c6 19. Ne7+ Kf8 20. fxg7+ Kxg7
21. Qxf7+ Kh8 22. Ng6+ Rxg6 23. Qxg6 Qb6+ 24. Kh1 1-0

[Event "Open de la Loire 2014-2015"]
[Site "Aurec"]
[Date "2014.12.06"]
[Round "4.3"]
[White "Boeuf, Jean-Julien"]
[Black "Liogier, Pascal"]
[Result "1-0"]
[WhiteElo "1513"]
[BlackElo "1630"]
[PlyCount "63"]
[EventDate "2014.??.??"]

1. Nf3 c6 2. c4 Nf6 3. g3 g6 4. b3 Bg7 5. Bb2 O-O 6. Bg2 Na6 7. O-O Nc7 8. Nc3
Rb8 9. e4 b5 10. d3 bxc4 11. dxc4 Ng4 12. Rc1 Ba6 13. Rc2 d5 14. exd5 cxd5 15.
Nd4 Nf6 16. Nc6 Qd6 17. Nxb8 Rxb8 18. Qa1 d4 19. Rd1 e5 20. Ne4 Nxe4 21. Bxe4
Ne6 22. h4 Nc5 23. Bg2 Qf6 24. Ba3 Ne6 25. Re2 Qf5 26. Be4 Qg4 27. Bd3 Bb7 28.
Rde1 Nf4 29. Re4 Qf3 30. gxf4 Bxe4 31. Bxe4 Qxf4 32. Bd6 1-0

[Event "Open de la Loire 2014-2015"]
[Site "Aurec"]
[Date "2014.12.06"]
[Round "4.4"]
[White "Barrandon, Georges"]
[Black "Desassis, Jean-Francois"]
[Result "0-1"]
[WhiteElo "1500"]
[BlackElo "1570"]
[PlyCount "60"]
[EventDate "2014.??.??"]

1. d4 c5 2. c3 e6 3. Nf3 Nf6 4. g3 d5 5. Bg2 Nc6 6. O-O c4 7. Nbd2 b5 8. b4 Bd6
9. Qc2 O-O 10. e4 e5 11. exd5 Nxd5 12. dxe5 Nxe5 13. Ne4 Bf5 14. Nh4 Bxe4 15.
Bxe4 Nf6 16. Bxa8 Qxa8 17. Qe2 Re8 18. Be3 Nd3 19. Qf3 Ne4 20. Bd4 Be5 21. Bxe5
Nxe5 22. Rae1 Nxf3+ 23. Nxf3 Nxc3 24. a3 Ne2+ 25. Kg2 h6 26. h4 c3 27. Rh1 c2
28. Rxe2 Rxe2 29. g4 Qc8 30. Rc1 Qxg4+ 0-1

[Event "Open de la Loire 2014-2015"]
[Site "Aurec"]
[Date "2014.12.06"]
[Round "4.5"]
[White "Fauvin, David"]
[Black "Guichard, Thomas"]
[Result "1-0"]
[WhiteElo "1560"]
[BlackElo "1490"]
[PlyCount "101"]
[EventDate "2014.??.??"]

1. c4 c6 2. Nc3 d5 3. cxd5 cxd5 4. d4 Nf6 5. Nf3 e6 6. a3 Be7 7. g3 O-O 8. Bg2
Nc6 9. O-O Bd7 10. e3 a5 11. Re1 Rb8 12. Bd2 b5 13. b3 b4 14. axb4 Nxb4 15. Bf1
h6 16. Ne5 Ra8 17. Na2 Qb8 18. Nxb4 Bxb4 19. Rb1 Bb5 20. Bxb4 axb4 21. f3 Bxf1
22. Rxf1 Rd8 23. Nc6 Qd6 24. Nxd8 Qxd8 25. Ra1 Rc8 26. Rf2 Qc7 27. Rfa2 Qc3 28.
Kf2 Kh7 29. Rb1 e5 30. dxe5 Qxe5 31. Rd2 Qf5 32. Kg2 Rc3 33. Re2 Qg6 34. Rc1
Rd3 35. Qc2 Nd7 36. Rd1 Rxd1 37. Qxd1 Nf6 38. Qc2 h5 39. Qxg6+ Kxg6 40. Rd2 Kf5
41. Rd4 g5 42. Rxb4 g4 43. Rd4 gxf3+ 44. Kxf3 Ke5 45. b4 Ng4 46. Rxg4 hxg4+ 47.
Kxg4 Kd6 48. Kf4 Kc6 49. Ke5 f6+ 50. Kd4 f5 51. h4 1-0

[Event "Open de la Loire 2014-2015"]
[Site "Aurec"]
[Date "2014.12.06"]
[Round "4.6"]
[White "Fournier, Gerald"]
[Black "Imperiali, Joris"]
[Result "0-1"]
[WhiteElo "1500"]
[BlackElo "1534"]
[PlyCount "72"]
[EventDate "2014.??.??"]

1. d4 Nf6 2. Nf3 g6 3. c3 Bg7 4. Bg5 Ne4 5. Bf4 d5 6. Nbd2 c5 7. e3 Nc6 8. Bb5
O-O 9. Bxc6 bxc6 10. Nxe4 dxe4 11. Nd2 cxd4 12. exd4 c5 13. dxc5 e5 14. Be3 f5
15. Nc4 Ba6 16. Qa4 Qf6 17. Nd6 Bd3 18. O-O-O Rfb8 19. Rxd3 exd3 20. Qc4+ Kf8
21. h4 f4 22. Ne4 Qf7 23. Qxf7+ Kxf7 24. Ng5+ Kg8 25. Bd2 Rb5 26. b4 a5 27. Ne6
axb4 28. Nc7 Rxa2 29. Kb1 Rba5 30. cxb4 Ra1+ 31. Kb2 e4+ 32. Bc3 R5a2+ 33. Kb3
Ra3+ 34. Kc4 Rxc3+ 35. Kb5 Rxh1 36. Nd5 d2 0-1

[Event "Open de la Loire 2014-2015"]
[Site "Aurec"]
[Date "2014.12.06"]
[Round "4.7"]
[White "Allabrune, Guillaume"]
[Black "Schuhmann, Alain"]
[Result "1-0"]
[WhiteElo "1487"]
[BlackElo "1520"]
[PlyCount "91"]
[EventDate "2014.??.??"]

1. e4 c5 2. Nf3 Nc6 3. c3 e6 4. d4 d5 5. e5 Be7 6. a3 Bd7 7. b4 c4 8. Be2 Qc7
9. Ng1 Bd8 10. f4 Nge7 11. Nf3 O-O 12. O-O Nf5 13. Qc2 f6 14. g4 Nh6 15. h3
fxe5 16. fxe5 Nf7 17. Bf4 Nh8 18. Bg3 Ng6 19. Qd2 Be7 20. Qe3 Rf7 21. Nbd2 Raf8
22. Ng5 Rxf1+ 23. Rxf1 Rxf1+ 24. Kxf1 Qd8 25. Ngf3 Bh4 26. Kg2 Be7 27. Bd1 Nh4+
28. Nxh4 Bxh4 29. Nf3 Bxg3 30. Kxg3 Qe7 31. g5 a5 32. Nh4 Be8 33. Bg4 axb4 34.
axb4 Nxb4 35. cxb4 Qxb4 36. Bxe6+ Kh8 37. Bxd5 Bc6 38. Bxc6 bxc6 39. e6 Qe7 40.
Qe5 Kg8 41. Kg4 c3 42. Nf5 c2 43. Nxe7+ Kf8 44. Nf5 c1=Q 45. Qxg7+ Ke8 46. Qe7#
1-0